Petit Bac #13 - Pays de l'Union Européenne - Statistiques

Statistiques générales
  • Ce quiz a été pris 5 327 fois
  • Le résultat moyen est 13 sur 14
Statistiques - réponses
1ère Lettre Pays % Correct
F Finlande / France
100%
B Belgique / Bulgarie
99%
E Espagne / Estonie
99%
D Danemark
98%
I Irlande / Italie
98%
L Lettonie / Lituanie / Luxembourg
98%
P Pays-Bas / Pologne / Portugal
98%
A Allemagne / Autriche
97%
S Slovaquie / Slovénie / Suède
96%
C Chypre / Croatie
95%
H Hongrie
95%
R République Tchèque / Roumanie
91%
G Grèce
85%
M Malte
74%
Aucun quiz correspondant
Distribution des résultats
% des personnes avec chaque résultat
Percentile par nombre de réponses
Votre historique - résultats
Vous n’avez pas pris ce quiz